000 00644nam a2200241Ia 4500
003 OSt
005 20251028142213.0
008 210210b1988 xxu||||| |||| 00| 0 eng d
020 _a0333679792
040 _cAL
041 _aeng
082 _a820.9 PECG
100 _aJohn Peck
_9242985
245 _aGeorge Orwell
_b: New casebooks
260 _aLondon
_bMacmillan Press Ltd
_c1988
300 _aix,260
650 _aGeorge Orwell critical Essays New Case Books
_9242986
690 _aEnglish Criticism
_9242987
700 _aCoyle, Martin
_9242988
710 _aGraham Holderness Ed
_9242989
906 _a056018
942 _2ddc
_cBK
999 _c103724
_d103724